Las influencias del derecho civil en el derecho penal: ensayo sobre algunos conceptos de la parte general del derecho penal

محفوظ في:
التفاصيل البيبلوغرافية
المؤلف الرئيسي: Guarneri, José (مؤلف)
التنسيق: كتاب
اللغة:الإسبانية
منشور في: Puebla José M. Cajica 1952
سلاسل:Publicaciones de la Universidad de Puebla
الموضوعات:
الوسوم: إضافة وسم
لا توجد وسوم, كن أول من يضع وسما على هذه التسجيلة!

MARC

LEADER 00000nam a2200000 a 4500
001 UCS1228
003 CL-VaPUC
008 970509e19520000MX |||||||||||||||||spa|d
082 0 4 |a 345  |b GUA  |2 21 
100 |a Guarneri, José  |e author  |9 385512 
245 1 4 |a Las influencias del derecho civil en el derecho penal: ensayo sobre algunos conceptos de la parte general del derecho penal 
300 |a 348 p 
942 |c BK 
945 |d 19970509 00:00:00  |a paguirre 
260 |a Puebla  |b José M. Cajica  |c 1952 
650 7 |a DERECHO PENAL  |2 CL-VaPUC  |9 11 
650 0 |a Derecho civil  |9 255013 
650 7 |a CULPA PENAL  |2 CL-VaPUC  |9 351693 
650 7 |a CULPA CIVIL  |2 CL-VaPUC  |9 381252 
650 7 |a DOLO  |2 CL-VaPUC  |9 385513 
650 0 |a Antijuridicidad  |9 368501 
650 7 |a NULIDAD CIVIL  |2 CL-VaPUC  |9 385514 
583 |a last modification  |c 19970509 00:00:00  |k Rodrigo Vera 
490 0 |a Publicaciones de la Universidad de Puebla 
999 |c 259328  |d 259326 
952 |0 0  |1 0  |4 0  |6 345_000000000000000_GUA_1952  |7 0  |8 A  |9 283991  |a BIBDER  |b BIBDER  |d 2019-11-19  |i 1841785  |o 345 GUA 1952  |p 1841785  |r 2023-01-25  |w 2019-11-19  |y BK  |k DER